| 000 | 00425nam a22001577a 4500 | ||
|---|---|---|---|
| 008 | 240206b |||||||| |||| 00| 0 eng d | ||
| 100 | _aKumbhojkar G.V | ||
| 245 | _aEngineering Mathematics IV ( Computers and Data science) | ||
| 250 | _a2 | ||
| 260 |
_bP.Jamnadas _c2020 |
||
| 365 | _d650.00 | ||
| 650 |
_aMathematics _9117 |
||
| 942 | _cBK | ||
| 999 |
_c36040 _d36040 |
||